Despertador christiano quadragesimal, de sermones doctrinales para todos los dias de la quaresma, con remissiones copiosas al despertador christiano de sermones enteros para los mismos dias / su autor el Ilustrissimo, y Reverendissimo Señor Don Joseph de Barcia y Zambrana, obispo de Cadiz, y Algeciras, del Consejo de su Magestad, etc.

Detalles Bibliográficos
Autor principal: Barcia y Zambrana, José de, fl. 1678
Otros Autores: Laso, Francisco, ed
Formato: Libro
Lenguaje:Spanish
Publicado: en Madrid : por Alonso Balvàs ; a costa de Francisco Laso, mercader de libros, 1727-
Edición:Corregida, y enmendada esta ultima impression
Materias:
Colección:Banco de datos
Acervo:Biblioteca Félix de Jesús Rougier de los Misioneros del Espíritu Santo. Fondo Antiguo
Descripción Física:t. ; f°
Tema general:Homilética
Notas:Portada tipográfica con orla, pleca y escudo del impresor en grabado xilográfico. Texto a dos columnas con apostillas marginales. Incluye cabecera de título en grabado xilográfico. Incluye capitular floreada en grabado xilográfico. Tomo con portada y numeración propias. Año del t. 3 publicado en 1727. Paginación: t. 3 [4] h., 338 p., [15] h. Encuadernación en pergamino. Sello en tinta de la Bibliotheca Domus Studiorum Missionarii Spiritus Sancti. Sello en tinta de la Biblioteca Félix de Jesús Rougier. Daños de humedad y polilla
LEADER 01780nam a22002290004500
035 |a 540 
041 0 |a spa 
100 1 |a Barcia y Zambrana, José de, fl. 1678 
245 1 0 |a Despertador christiano quadragesimal, de sermones doctrinales para todos los dias de la quaresma, con remissiones copiosas al despertador christiano de sermones enteros para los mismos dias / su autor el Ilustrissimo, y Reverendissimo Señor Don Joseph de Barcia y Zambrana, obispo de Cadiz, y Algeciras, del Consejo de su Magestad, etc. 
250 |a Corregida, y enmendada esta ultima impression 
260 |a en Madrid : por Alonso Balvàs ; a costa de Francisco Laso, mercader de libros, 1727- 
300 |a  t. ; f° 
500 |a Portada tipográfica con orla, pleca y escudo del impresor en grabado xilográfico. Texto a dos columnas con apostillas marginales. Incluye cabecera de título en grabado xilográfico. Incluye capitular floreada en grabado xilográfico. Tomo con portada y numeración propias. Año del t. 3 publicado en 1727. Paginación: t. 3 [4] h., 338 p., [15] h. Encuadernación en pergamino. Sello en tinta de la Bibliotheca Domus Studiorum Missionarii Spiritus Sancti. Sello en tinta de la Biblioteca Félix de Jesús Rougier. Daños de humedad y polilla 
504 |a Al principio de la obra está el índice de contenido y fe de erratas 
504 |a Al final de la obra está el índice de lugares de la Sagrada Escritura 
504 |a Al final de la obra está el índice de las cosas notables 
650 1 0 |a Homilética 
700 1 |a Laso, Francisco, ed. 
949 |a Biblioteca Félix de Jesús Rougier, Fondo Antiguo t. 3 (869) 
942 |c ROUGIER 
943 |g Biblioteca Félix de Jesús Rougier de los Misioneros del Espíritu Santo. Fondo Antiguo 
999 |c 945559  |d 945559